Statistics for The vampire diaries

Click here to take the quiz!

General Stats

  • This quiz has been taken 117 times
  • The average score is 17 of 25

Answer Stats

QuestionAnswer% Correct
What supernatural species is Klaus Mikaelson?Hybrid (werewolf, vampire)
100%
What is the name of Stefan's vampire alter ego?Ripper
98%
How did Sherriff Liz Forbes die?Cancer
97%
Who of these people have been in a relationship with Alaric?All of the above
93%
Who is the biological mother of Lizzie and Josie Saltzman?Jo
92%
What was the name of Katherine's daughter?Nadia
92%
Who met Elena first?Damon Salvatore
90%
Who was the first person Stefan killed after becoming a vampire?Giuseppe Salvatore
89%
Who said: "That's for me to know and for you to dot, dot, dot." ?Damon Salvatore
80%
Why does Damon return to Mystic falls in season 1?For Katherine
73%
When is Elena's birthday?June 22nd
69%
How many doppelgangers does Nina Dobrev portray throughout all of the vampire diaries?4
68%
What season does Jeremy become a vampire hunter?Season 4
68%
Who said: "I've been in love. It's painful, pointless and overrated." ?Damon Salvatore
67%
What episode did Stefan and Elena kiss for the first time?1x02 The night of the comet
56%
Who says " And if that fails, a plan C, then a plan D... and you know how the alphabet works, don't you?" ?Katherine Pierce
56%
What colour is Elena Gilbert's original diary?Light green
56%
What year was Damon imprisoned by the Augustine society?1953
54%
Where did Caroline and Stefan get married?Lockwood Mansion
53%
When did The Vampire Diaries release its premiere?September 10th
51%
Who's older: Sybil or Seline?Seline
50%
When did Enzo die?8x11 You made a choice to be good
42%
What was the name of season 8 episode 10?Nostalgia’s a Bitch
42%
Who played the character of Mary- Louise?Teressa Liane
31%
What happens in the episode where the song 'Oblivion' by Bastille is played?Stefan finds out about Elena's and Damon's relationship
16%

Score Distribution

Percentile by Number Answered

Percent of People with Each Score

Your Score History

You have not taken this quiz